El pájaro y la serpiente /

Na minha lista:
Detalhes bibliográficos
Autor principal: González, Borja (autor)
Formato: Livro
Idioma:espanhol
Publicado em: Barcelona, España : Reservoir Books, 2023, c2023
Assuntos:
Tags: Adicionar Tag
Sem tags, seja o primeiro a adicionar uma tag!

MARC

LEADER 00000nam^a2200000^a^4500
001 000626758
005 20260121000000.0
009 20260310134041.055
020 |a 978-84-19437-15-0 
037 |a Acervo ITESO - Biblioteca 
041 |a GRA 
041 |a ESP 
082 |a 808. 83929  |b GON TRE V. 3 
100 |a González, Borja  |e (autor) 
240 1 5 |a [Las tres noches] 
245 1 3 |a El pájaro y la serpiente /  |c B. González. 
264 4 |a Barcelona, España :  |b Reservoir Books,  |c 2023, c2023 
300 |a 180 p. 
336 |a texto  |b txt  |2 rdacontenido 
337 |a sin mediación  |b n  |2 rdamedio 
338 |a volumen  |b nc  |2 rdasoporte 
500 |a Traducción de: Bleu à la lumière du jour 
521 |a FIL 2025 DIA 
546 |a Edición gráfica con texto en español 
649 |a XX 
650 |a Mujeres en la Literatura 
650 |a Precuelas y Secuelas 
650 |a Novela Gráfica -  |z España 
650 |a Novela Española 
650 |a Literatura Española -  |y Siglo XXI 
650 |a Literatura Policíaca y de Misterio -  |z España 
910 |a Fondo General 
920 |a Impresos - Libros 
930 |a Colección General 
940 |a Literatura 
905 |a 101 
901 |a 626758-10  |b IT1  |c LIT  |i C192254  |u 20260121 
902 |a https://opac.biblio.iteso.mx/vufind/Record/000626758